00704nam a2200181 a 4500008004100000050001400041100002200055245003500077250001200112260004300124300002400167350000900191490006300200500018300263650001500446650001700461700004400478080109s1980 ||||||||||||||||| || u aHD 31 Ull aUllrich, Robert A10aOrganisation theory and design aRev. ed aHomewood, Ill.bRichard D. Irwinc1980 axvii, 524 p. : ill. a0.00 aThe Irwin series in management and the behavioral sciences aThe authors' names appeared in reverse order on the t.p. of the original ed. which was published in 1976 under title: Organizations. -Includes indexes. -Bibliography: p. 484-508. 0aMANAGEMENT aORGANIZATION aWieland, George F. (George Fred), 1936-